<?xml version="1.0" encoding="UTF-8"?>
<collection xmlns="http://www.loc.gov/MARC21/slim">
  <record>
    <leader>00000nam  2200000   4500</leader>
    <controlfield tag="001">INLIS000000000019347</controlfield>
    <controlfield tag="005">20250218074755</controlfield>
    <datafield tag="035" ind1="#" ind2="#">
      <subfield code="a">0010-0225000304</subfield>
    </datafield>
    <controlfield tag="007">ta</controlfield>
    <controlfield tag="008">250218################|##########|#|##</controlfield>
    <datafield tag="084" ind1="#" ind2="#">
      <subfield code="a">R  0067 LATSAR 2024</subfield>
    </datafield>
    <datafield tag="100" ind1=" " ind2="#">
      <subfield code="a">Tiara Wulan Neswari</subfield>
    </datafield>
    <datafield tag="245" ind1="1" ind2="#">
      <subfield code="a">SIMPEL (Sistem Manajemen Pemantauan Email) di Lingkungan Direktorat Strategi dan Kerja Sama Internasional Pusat Pelaporan dan Analisis Transaksi Keuangan SIMPEL (Sistem Manajemen Pemantauan Email) di Lingkungan Direktorat Strategi dan Kerja Sama Internasional Pusat Pelaporan dan Analisis Transaksi Keuangan /</subfield>
      <subfield code="c">Tiara Wulan Neswari</subfield>
    </datafield>
    <datafield tag="260" ind1="#" ind2="#">
      <subfield code="a">Jakarta :</subfield>
      <subfield code="b">Pusbang Kader,</subfield>
      <subfield code="c">2024</subfield>
    </datafield>
    <datafield tag="856" ind1="#" ind2="#">
      <subfield code="a">Perpustakaan Pusat LAN Jakarta</subfield>
    </datafield>
    <datafield tag="990" ind1="#" ind2="#">
      <subfield code="a">2025/1.2.5/A/0067</subfield>
    </datafield>
  </record>
</collection>
